[Event "FRA-ch Seniors"]
[Site "Nimes"]
[Date "2018.08.22"]
[Round "5"]
[White "Prie, Eric"]
[Black "Vial, Patrick"]
[Result "1-0"]
[WhiteElo "2480"]
[BlackElo "2139"]
[PlyCount "63"]
[EventDate "2018.08.18"]
[EventType "swiss"]
[EventRounds "9"]
[EventCountry "FRA"]
[SourceTitle "EXT 2020"]
[Source "ChessBase"]
[SourceDate "2019.10.17"]
[SourceVersion "1"]
[SourceVersionDate "2019.10.17"]
[SourceQuality "1"]

1. d4 d6 2. Nf3 Nd7 3. e4 e5 4. Bc4 c6 5. 0-0 Be7 6. dxe5 dxe5 7. Ng5 Bxg5 8. Qh5 g6 9. Qxg5 Qxg5 10. Bxg5 Ngf6 11. f3 h6 12. Be3 Nb6 13. Nd2 Kf8 14. Bb3 Kg7 15. a4 Re8 16. a5 Nbd7 17. Nc4 Nf8 18. Nd6 Re7 19. Bxa7 Be6 20. Bc5 Bxb3 21. cxb3 Rd7 22. Nc4 Rd3 23. b4 Ne6 24. Rfd1 Nxc5 25. bxc5 Rb3 26. Ra4 Re8 27. Rd2 Re7 28. a6 bxa6 29. Rxa6 Nd7 30. Rxc6 Rb5 31. Na3 Ra5 32. Rc7 1-0

[Event "FRA-chT"]
[Site "France"]
[Date "1999.??.??"]
[Round "7"]
[White "Vial, Patrick"]
[Black "Karr, Jean Philippe"]
[Result "0-1"]
[WhiteElo "2190"]
[BlackElo "2347"]
[PlyCount "78"]
[EventDate "1999.02.??"]
[EventType "team"]
[EventRounds "11"]
[EventCountry "FRA"]
[SourceTitle "EXT 2000"]
[Source "ChessBase"]
[SourceDate "1999.11.16"]
[SourceVersion "1"]
[SourceVersionDate "1999.11.16"]
[SourceQuality "1"]

1. e4 c5 2. Nc3 Nc6 3. g3 g6 4. Bg2 Bg7 5. d3 d6 6. Be3 e6 7. Qd2 Qa5 8. Nge2 Nd4 9. 0-0 Nxe2+ 10. Qxe2 Ne7 11. Nd1 Nc6 12. c3 0-0 13. Qd2 Ne5 14. Bh6 Qa6 15. Bxg7 Kxg7 16. c4 Nc6 17. f4 Qa5 18. Nc3 Qd8 19. e5 Qd7 20. Bxc6 Qxc6 21. Ne4 d5 22. Nd6 f5 23. h3 Bd7 24. g4 a6 25. Qf2 Qc7 26. g5 b6 27. Qh4 Bc6 28. Qh6+ Kg8 29. h4 Qg7 30. Qxg7+ Kxg7 31. b3 h6 32. Rf2 hxg5 33. hxg5 Rh8 34. a4 dxc4 35. Rh2 Rxh2 36. Kxh2 Rh8+ 37. Kg3 cxb3 38. a5 bxa5 39. Nc4 a4 0-1

[Event "Paris Apsap op1"]
[Site "Paris"]
[Date "1993.??.??"]
[Round "?"]
[White "Riou, Yanick"]
[Black "Vial, Patrick"]
[Result "1-0"]
[WhiteElo "1700"]
[BlackElo "2280"]
[PlyCount "21"]
[EventDate "1993.??.??"]
[EventType "swiss"]
[EventRounds "9"]
[EventCountry "FRA"]
[SourceTitle "EXT 2004"]
[Source "ChessBase"]
[SourceDate "2003.11.25"]
[SourceVersion "1"]
[SourceVersionDate "2003.11.25"]
[SourceQuality "1"]

1. e4 e5 2. d4 exd4 3. c3 dxc3 4. Bc4 Nc6 5. Nxc3 Nge7 6. Nf3 d6 7. Qb3 d5 8. Nxd5 Ng6 9. Nb6 cxb6 10. Bxf7+ Ke7 11. Bg5+ 1-0

[Event "Oviedo rapid45"]
[Site "Oviedo"]
[Date "1992.??.??"]
[Round "2"]
[White "Shirov, Alexei"]
[Black "Vial, Patrick"]
[Result "1-0"]
[WhiteElo "2655"]
[BlackElo "2280"]
[PlyCount "69"]
[EventDate "1992.??.??"]
[EventType "swiss (rapid)"]
[EventRounds "11"]
[EventCountry "ESP"]
[SourceTitle "TD"]
[Source "ChessBase"]
[SourceDate "1994.03.01"]
[SourceVersion "1"]
[SourceVersionDate "1994.03.01"]
[SourceQuality "1"]

1. e4 g6 2. d4 Bg7 3. Nc3 Nc6 4. Be3 d6 5. f4 e5 6. dxe5 dxe5 7. Qxd8+ Nxd8 8. Nb5 Ne6 9. f5 a6 10. fxe6 axb5 11. Bxb5+ c6 12. exf7+ Kxf7 13. Bc4+ Be6 14. Bxe6+ Kxe6 15. Nf3 h6 16. Nh4 Nf6 17. Nxg6 Rhd8 18. 0-0 Nxe4 19. Rae1 Nd2 20. Rf2 Nc4 21. Bf4 Nxb2 22. Bxe5 Rd1 23. Nf4+ Kf7 24. Nd5+ Kg8 25. Ne7+ Kh8 26. Rxd1 Nxd1 27. Re2 Bxe5 28. Rxe5 Rxa2 29. Re6 Rxc2 30. Rxh6+ Kg7 31. Nf5+ Kf7 32. g4 Nf2 33. g5 Ng4 34. Rd6 b5 35. g6+ 1-0